[Event "Oslo ASKO Hostturnering"]
[Site "Oslo"]
[Date "2006.10.31"]
[Round "5"]
[White "Fredriksen, Jan Gunnar"]
[Black "Jensen, Terje"]
[Result "1-0"]
[WhiteElo "1788"]
[BlackElo "1386"]
[PlyCount "51"]
[EventDate "2006.09.12"]
[EventType "swiss"]
[EventRounds "7"]
[EventCountry "NOR"]
[SourceTitle "EXT 2008"]
[Source "ChessBase"]
[SourceDate "2007.11.25"]
[SourceVersion "1"]
[SourceVersionDate "2007.11.25"]
[SourceQuality "1"]

1. g4 Nc6 2. Bg2 d5 3. h3 e6 4. d3 Bc5 5. Bf4 Nge7 6. e4 Ng6 7. Bg3 Nh4 8. Bf1 b6 9. c3 d4 10. Nd2 Ng6 11. Qc2 e5 12. Ngf3 h5 13. gxh5 Rxh5 14. 0-0-0 Be6 15. Nb3 Bd6 16. Kb1 Qd7 17. cxd4 Bxb3 18. Qxb3 Nxd4 19. Nxd4 exd4 20. Be2 Ra5 21. Bg4 Qe7 22. e5 Bc5 23. Rhe1 Nh4 24. Re4 a6 25. Bxh4 Qxh4 26. Bd7+ 1-0

[Event "Oslo ASKO Hostturnering"]
[Site "Oslo"]
[Date "2006.10.10"]
[Round "2"]
[White "Jensen, Terje"]
[Black "Arnstein, Lade"]
[Result "0-1"]
[WhiteElo "1386"]
[BlackElo "1600"]
[PlyCount "102"]
[EventDate "2006.09.12"]
[EventType "swiss"]
[EventRounds "7"]
[EventCountry "NOR"]
[SourceTitle "EXT 2008"]
[Source "ChessBase"]
[SourceDate "2007.11.25"]
[SourceVersion "1"]
[SourceVersionDate "2007.11.25"]
[SourceQuality "1"]

1. c4 Nf6 2. Nc3 b6 3. Nf3 Bb7 4. e3 d5 5. d4 e6 6. cxd5 Nxd5 7. Bb5+ c6 8. Bd3 Bb4 9. Bd2 0-0 10. 0-0 c5 11. a3 cxd4 12. axb4 dxc3 13. bxc3 Nc6 14. Qc2 h6 15. Ra4 a6 16. Rfa1 b5 17. R4a3 Rc8 18. e4 Ncxb4 19. Qb1 Nxd3 20. Qxd3 Nf6 21. Qxd8 Rfxd8 22. e5 Ne4 23. Be1 Rd3 24. Rb3 Nc5 25. Rba3 Bxf3 26. gxf3 Rxf3 27. Bd2 Rd3 28. Be3 Na4 29. Bd4 Kf8 30. Kf1 Ke8 31. Ke2 Rh3 32. Rg1 g6 33. Rh1 Nxc3+ 34. Bxc3 Rhxc3 35. Rxa6 Rb8 36. Ra7 Rc5 37. f4 b4 38. Rd1 Rd5 39. Rc1 Rd7 40. Ra4 b3 41. Rb1 Rc7 42. Kd3 Rc2 43. Ra3 Rxh2 44. Ke3 b2 45. Ra2 Rb3+ 46. Kd4 Rc2 47. Ra8+ Ke7 48. Ra2 h5 49. f5 exf5 50. e6 Rc1 51. Ra7+ Kxe6 0-1

[Event "Oslo ASKO Hostturnering"]
[Site "Oslo"]
[Date "2005.11.29"]
[Round "7"]
[White "Jensen, Terje"]
[Black "Erikstad, Olav Age"]
[Result "0-1"]
[WhiteElo "1360"]
[BlackElo "1555"]
[PlyCount "44"]
[EventDate "2005.09.06"]
[EventType "swiss"]
[EventRounds "7"]
[EventCountry "NOR"]
[SourceTitle "EXT 2009"]
[Source "ChessBase"]
[SourceDate "2008.11.26"]
[SourceVersion "1"]
[SourceVersionDate "2008.11.26"]
[SourceQuality "1"]

1. c4 e5 2. Nc3 Nc6 3. g3 g6 4. Bg2 Bg7 5. e3 d6 6. Nge2 Be6 7. d3 Qd7 8. h4 Nf6 9. Qa4 0-0 10. d4 exd4 11. exd4 a5 12. a3 Rfe8 13. 0-0 Bh3 14. Be3 Bxg2 15. Kxg2 Qf5 16. Rae1 Ng4 17. d5 Rxe3 18. dxc6 Qf3+ 19. Kg1 Ree8 20. cxb7 Qxb7 21. Qc2 Ne5 22. b3 Nf3+ 0-1

[Event "Oslo ASKO Hostturnering"]
[Site "Oslo"]
[Date "2005.11.01"]
[Round "5"]
[White "Jensen, Terje"]
[Black "Risberg, Trond"]
[Result "1-0"]
[WhiteElo "1360"]
[BlackElo "952"]
[PlyCount "123"]
[EventDate "2005.09.06"]
[EventType "swiss"]
[EventRounds "7"]
[EventCountry "NOR"]
[SourceTitle "EXT 2009"]
[Source "ChessBase"]
[SourceDate "2008.11.26"]
[SourceVersion "1"]
[SourceVersionDate "2008.11.26"]
[SourceQuality "1"]

1. c4 e5 2. g3 Nf6 3. Nc3 Nc6 4. Bg2 d6 5. e3 Bf5 6. Nge2 Qd7 7. h4 Nb4 8. e4 Nd3+ 9. Kf1 Bg6 10. Qc2 Nc5 11. d3 Ng4 12. h5 Be7 13. hxg6 fxg6 14. Nd5 0-0 15. Nxe7+ Qxe7 16. f3 Rf7 17. Ke1 Qf6 18. Ng1 Nh6 19. Be3 Ne6 20. Rd1 Ng5 21. Rd2 Raf8 22. Rf2 Qe7 23. Qd2 Ne6 24. g4 Kh8 25. Nh3 Ng8 26. Ng5 Nxg5 27. Bxg5 Nf6 28. Bf1 h6 29. Bxf6 Qxf6 30. g5 Qe7 31. gxh6 gxh6 32. Qxh6+ Rh7 33. Qxh7+ Qxh7 34. Rxh7+ Kxh7 35. Rh2+ Kg7 36. Kf2 Rf7 37. Kg3 Kf6 38. Bh3 Rg7 39. Bc8 b6 40. Bg4 Kg5 41. b4 Kf6 42. a4 c5 43. bxc5 dxc5 44. Rh8 Ke7 45. Kh4 Kf7 46. Kg3 Ke7 47. Rc8 Kd6 48. Rd8+ Kc6 49. Rd5 Re7 50. Kh4 Kb7 51. Rd7+ Rxd7 52. Bxd7 Kc7 53. Be8 Kd8 54. Bb5 Ke7 55. Kg5 Kf7 56. Bc6 a6 57. Bb7 a5 58. Bc6 Ke6 59. Kxg6 Kd6 60. Bd5 Ke7 61. Kf5 Kd6 62. Bg8 1-0

[Event "Oslo-ch"]
[Site "Oslo"]
[Date "2004.04.27"]
[Round "8"]
[White "Jensen, Terje"]
[Black "Roholdt, Njaal"]
[Result "0-1"]
[WhiteElo "1381"]
[BlackElo "1137"]
[PlyCount "70"]
[EventDate "2004.02.10"]
[EventType "swiss"]
[EventRounds "9"]
[EventCountry "NOR"]
[SourceTitle "EXT 2007"]
[Source "ChessBase"]
[SourceDate "2006.11.23"]
[SourceVersion "1"]
[SourceVersionDate "2006.11.23"]
[SourceQuality "1"]

1. e4 c5 2. Nf3 Nc6 3. d4 cxd4 4. Nxd4 Qb6 5. Nxc6 bxc6 6. Bd3 e5 7. Nd2 Bc5 8. Qe2 Nf6 9. Nc4 Qc7 10. 0-0 0-0 11. Bg5 Be7 12. Rad1 Re8 13. Kh1 a5 14. f4 d6 15. Ne3 Qb8 16. fxe5 dxe5 17. Qf3 Qxb2 18. Qg3 Nh5 19. Qf3 Nf6 20. Bxf6 Bxf6 21. Qg3 Kh8 22. Bc4 Be6 23. Bxe6 Rxe6 24. Rd7 Rf8 25. Nc4 Qxa2 26. Qc3 Qa4 27. Ra1 Qb5 28. Nd6 Rxd6 29. Rxd6 Qe2 30. Rxc6 h5 31. Rc4 Bg5 32. Rca4 Rd8 33. Qe1 Qxc2 34. Rxa5 Bd2 35. Qf1 Bxa5 0-1

[Event "Oslo-ch"]
[Site "Oslo"]
[Date "2004.03.30"]
[Round "6"]
[White "Eide, Joachim"]
[Black "Jensen, Terje"]
[Result "1/2-1/2"]
[WhiteElo "1165"]
[BlackElo "1381"]
[PlyCount "53"]
[EventDate "2004.02.10"]
[EventType "swiss"]
[EventRounds "9"]
[EventCountry "NOR"]
[SourceTitle "EXT 2007"]
[Source "ChessBase"]
[SourceDate "2006.11.23"]
[SourceVersion "1"]
[SourceVersionDate "2006.11.23"]
[SourceQuality "1"]

1. d4 d5 2. c4 c6 3. Nf3 Nf6 4. Nc3 e6 5. Bg5 Bb4 6. e3 Qa5 7. Bxf6 Bxc3+ 8. bxc3 Qxc3+ 9. Nd2 gxf6 10. cxd5 exd5 11. Be2 Qa5 12. 0-0 Be6 13. Nb3 Qc7 14. Nc5 Nd7 15. Nd3 Ke7 16. Qb3 h5 17. Rfc1 f5 18. Nf4 Nf6 19. Qb4+ Kd7 20. Rab1 Rab8 21. a4 a5 22. Qb3 Ne4 23. Rc2 Nd6 24. Rbc1 Nc4 25. Nxe6 fxe6 26. Bxc4 dxc4 27. Qxc4 1/2-1/2

[Event "Oslo-ch"]
[Site "Oslo"]
[Date "2004.03.09"]
[Round "4"]
[White "Fjellheim, Marius"]
[Black "Jensen, Terje"]
[Result "1-0"]
[WhiteElo "1224"]
[BlackElo "1381"]
[PlyCount "81"]
[EventDate "2004.02.10"]
[EventType "swiss"]
[EventRounds "9"]
[EventCountry "NOR"]
[SourceTitle "EXT 2007"]
[Source "ChessBase"]
[SourceDate "2006.11.23"]
[SourceVersion "1"]
[SourceVersionDate "2006.11.23"]
[SourceQuality "1"]

1. d4 d5 2. Nf3 Nf6 3. e3 Bg4 4. Bd3 e6 5. Nbd2 Nbd7 6. 0-0 Bd6 7. Re1 c6 8. e4 dxe4 9. Nxe4 Nxe4 10. Rxe4 Bf5 11. Re2 Bxd3 12. Qxd3 Qe7 13. Bd2 Nf6 14. Bg5 h6 15. Bd2 0-0-0 16. a4 Nd5 17. a5 Bf4 18. a6 b6 19. c4 Bxd2 20. Rxd2 Nf6 21. Ne5 Qc7 22. b4 c5 23. bxc5 bxc5 24. Qf3 Rxd4 25. Qa8+ Qb8 26. Qxb8+ Kxb8 27. Nc6+ Kc7 28. Nxd4 cxd4 29. Rxd4 Rb8 30. f3 Kc6 31. Rdd1 Kc5 32. Rdb1 Rb6 33. Rxb6 Kxb6 34. c5+ Kxc5 35. Rb1 Nd5 36. Rb7 Kc6 37. Rxf7 Kb6 38. Rxg7 Kxa6 39. Rg6 Nc7 40. Rxh6 Kb6 41. Kf2 1-0

[Event "Oslo-ch"]
[Site "Oslo"]
[Date "2004.02.17"]
[Round "2"]
[White "Olsen, Andrei"]
[Black "Jensen, Terje"]
[Result "1-0"]
[WhiteElo "1353"]
[BlackElo "1381"]
[PlyCount "41"]
[EventDate "2004.02.10"]
[EventType "swiss"]
[EventRounds "9"]
[EventCountry "NOR"]
[SourceTitle "EXT 2007"]
[Source "ChessBase"]
[SourceDate "2006.11.23"]
[SourceVersion "1"]
[SourceVersionDate "2006.11.23"]
[SourceQuality "1"]

1. e4 c5 2. Nf3 d6 3. d4 cxd4 4. Nxd4 Nf6 5. Nc3 a6 6. Bg5 e6 7. f4 Be7 8. Qf3 Nbd7 9. Bc4 Qc7 10. Bxe6 fxe6 11. Nxe6 Qa5 12. Nxg7+ Kf7 13. Nf5 Re8 14. 0-0 Bf8 15. Kh1 Qb4 16. Rae1 Qxb2 17. Nd5 Nxd5 18. Qh5+ Kg8 19. Qxe8 N5f6 20. Qe6+ Kh8 21. Qf7 1-0